| 000 | 01083nmm a2200289 a 4500 | ||
|---|---|---|---|
| 001 | ocm0002015360 | ||
| 003 | TR-IsHL | ||
| 005 | 20201028175324.0 | ||
| 008 | 181026s2007 tu tur | ||
| 007 | cr cn | ||
| 020 | _a9789756130155 | ||
| 035 |
_a2015360 _b(N$T) |
||
| 050 | 0 | 4 |
_aBP161 _b.T367 2007 |
| 090 | 0 | 4 |
_aBP161 _b.T367 2007 |
| 100 | 1 | _aTanrıbağı, Mâlik İlyas | |
| 245 | 1 | 0 |
_aBilinmeyen yönleriyle Hânif din "İslâm ve mesajı Kurân-ı Kerîm" "hakikatin sırrı" _h[electronic resource] / _cMâlik İlyas Tanrıbağı |
| 250 | _a1. Baskı | ||
| 260 |
_aİzmir : _bHermes Yayınları, _c2007 |
||
| 300 | _a575 p. | ||
| 500 | _aIncludes bibliographical references and index | ||
| 650 | 4 | _aFelsefe, Psikoloji ve Din | |
| 650 | 4 | _aPhilosophy, Psychology and Religion | |
| 650 | 0 |
_aİslam dini _x Kur'an-ı Kerim _x İbadet |
|
| 650 | 0 |
_aIslamic religious _x Koran _x Prayer |
|
| 650 | 7 |
_aRELIGION / Islam / Koran & Sacred Writings _2bisacsh |
|
| 856 | 4 | 0 | _uhttp://search.ebscohost.com/login.aspx?direct=true&scope=site&db=e011xww&AN=2015360 |
| 999 |
_c18615 _d18615 |
||